• 首页
  • 本馆介绍
  • 公告通知
  • 最新文献
  • 馆藏检索
  • 电子资源
  • 读者导购
  • 参考咨询
  • 我的图书馆
  • 登录
  • 详细信息显示
  • 放入我的书架
  • 预约/预借图书
  • 作者相关作品
  • 分类相关作品
  • 丛书相关作品
  • 出版社相关作品

书目信息

  • 表格格式
  • 工作单格式
  • 卡片格式
题名:
体育和运动
    
 
作者: ;人民体育出版社编辑部 编译
分册: 1  
出版信息: 北京   人民体育出版社  1956
页数: 124页
开本: 19cm
丛书名:
单 册:
中图分类: G8-53
科图分类:
主题词: 体育运动--文集
电子资源:
ISBN: 7015.224
000 00705cam0 2200241 450
001 0105404049
005 20061127135002.0
010    @a7015.224@dCNY0.44
091    @a7015.224@dCNY0.44
100    @a19961213d1956 em y0chiy0110 ea
101 1  @achi
102    @aCN@b110000
105    @af z 000yy
106    @ar
200 1  @a体育和运动@9Ti Yu;Yo He;Huo;Hu Yun Dong @f人民体育出版社编辑部编译@h1@b专著
210    @a北京@c人民体育出版社@d1956
215    @a124页@c图@d19cm
300    @a苏联大百科全书选译
606 0  @a体育运动@x文集
690    @aG8-53@v3
711 02 @a人民体育出版社编辑部@9ren min ti yu chu ban she bian ji bu@4编译
801  0 @aCN@bAiZhiMarc
905    @aBZT@dG8-53@e2@f1@sG8-53/2
    
    体育和运动/人民体育出版社编辑部编译.1.-北京:人民体育出版社,1956
    124页:图;19cm
    苏联大百科全书选译
    
    ISBN 7015.224:CNY0.44
    
●
相关链接 在五车中查询图书 在当当中查询图书 在豆瓣中查询图书


正题名:体育和运动     索取号:G8-53/2         预约/预借

序号 登录号 条形码 馆藏地/架位号 状态 备注
1 2000078484   2000078484   旧书回溯/ [索取号:G8-53/2] 在馆    
山东省滨州职业学院图书馆 欢迎您!
大连网信软件有限公司© 版权所有